| 000 | 01558cam a2200421 a 4500 | ||
|---|---|---|---|
| 003 | CHAP | ||
| 005 | 20220817043545.0 | ||
| 008 | 990622d1997 mx a r 00010 spa d | ||
| 010 | _a78391 | ||
| 011 | _a79363 | ||
| 020 | _a9687798114 | ||
| 035 | _a89585 | ||
| 040 | _cCHAP | ||
| 082 | 0 | 4 |
_a338.972 _bM8 |
| 100 | 0 | 0 |
_aMungaray Lagarda, Alejandro. _979483 |
| 245 | 1 | 0 |
_aDesarrollo fronterizo y globalización _c/por Alejandro Mungaray y Guadalupe García de León |
| 260 |
_aMéxico, D.F. : _bAsociación Nacional de Universidades e Instituciones de Educación Superior _c1997. |
||
| 300 |
_a270 p. : _bilus. |
||
| 410 | 2 | 1 | _aANUIES |
| 490 | 0 | _aBiblioteca de la educación superior. Serie investigaciones | |
| 590 |
_aBATCH-UPD _b10 _c20130109 _lUCH01 _h2334 |
||
| 590 |
_aBATCH-UPD _b10 _c20130110 _lUCH01 _h0523 |
||
| 590 |
_aBATCH-UPD _b10 _c20130110 _lUCH01 _h2237 |
||
| 590 |
_aBATCH-UPD _b10 _c20130410 _lUCH01 _h0202 |
||
| 590 |
_aBATCH-UPD _b10 _c20130914 _lUCH01 _h0618 |
||
| 590 |
_aCONVERSION _b10 _c20130109 _lUCH01 _h1343 |
||
| 650 | 1 | 4 | _aEducación superior. |
| 650 | 1 | 4 |
_aFronteras _xMéxico. _943567 |
| 650 | 1 | 4 |
_aGlobalización. _948300 |
| 700 | 0 |
_aGarcía de León, Ma. Guadalupe. _945911 |
|
| 711 | 0 |
_aReunión Nacional de Estudios Fronterizos _n(4 : _d1996 : _cHermosillo, Son.) _996482 |
|
| 810 | 0 | 0 |
_aANUIES _96161 |
| 830 | 0 | _aBiblioteca de la educación superior. Serie investigaciones | |
| 901 | _aBK | ||
| 905 | _aBlanca M. García O. | ||
| 942 | _cLIBRO | ||
| 949 |
_a338.972 M8 _bBC _cLIBRO _d33724000726733 _eLIBRO _h95786 _i89585 _si |
||
| 999 |
_c78391 _d78391 |
||